000 00903nam a2200289 i 4500
001 12308
003 ES-MaACL
005 20250811145102.0
007 t|
008 901105s1988 sp ||||0| spa j ..|
015 _a1990-SEP-17261
016 7 _zSAB9000094746
020 _a84-7492-411-1
040 _aM-BN-DP
_bspa
_cM-BN-DP
080 _a929 Brecht, Bertolt
080 _a830 Brecht, Bertolt 2.06
080 _a830-2.09"19"
100 1 _aSalvat, Ricard.
_9102118
245 1 0 _aBertolt Brecht no 90 aniversario do seu nascimento /
_cRicard Salvat.
260 _aSada, A Coruña :
_bEdiciós do Castro,
_c1988.
300 _a144 p., [26] p. de fot ;
_c24 cm.
500 _aTexto en español.
600 1 4 _aBrecht, Bertolt,
_d1898-1956
_931544
650 1 4 _aTeatro alemán-
_yS.XX-
_xHistoria y crítica.
_917328
852 _aES-MaACL
_jL-19649
_bR.122743
999 _c12308
_d12308